La formación docente en cuestión : política y pedagogía /

Guardado en:
Autor Principal: Davini, María Cristina
Formato: Libro
Publicado: Buenos Aires : Paidós, 1995
Series:Cuestiones de educación
Materias:
Etiquetas: Agregar Etiqueta
Sin Etiquetas, Sea el primero en etiquetar este registro!
LEADER 00989nam a22002055a 4500
001 CEM.cems010284
005 20080526105031.0
008 130507s1995##################000#0#####d
003 CEMS
020 |a 9501261085 
082 0 4 |a 370.7 
100 1 |a Davini, María Cristina 
245 1 0 |a La formación docente en cuestión :  |b política y pedagogía /  |c María Cristina Davini 
260 |a Buenos Aires :  |b Paidós,  |c 1995 
300 |a 163 p. 
490 0 |a Cuestiones de educación 
505 0 |a Tradiciones en la formación de los docentes y sus presencias actuales -- Poder, control y autonomía en el trabajo docente -- Las instituciones de formación de los docentes: campo de tensiones pedagógicas y políticas -- Pedagogías en la formación de los docentes: problemas de la formación en acción -- Notas para la elaboración de una pedagogía de la formación docente 
653 |a Educación 
653 |a Formación docente 
859 |a CEMS  |b BIB. CEMS - 11 de abril  |h 370.7  |i D289  |p 20822.00  |t Ej.1